• 首页
  • 本馆介绍
  • 公告通知
  • 最新文献
  • 馆藏检索
  • 电子资源
  • 读者导购
  • 参考咨询
  • 我的图书馆
  • 登录
  • 详细信息显示
  • 放入我的书架
  • 预约/预借图书
  • 作者相关作品
  • 分类相关作品
  • 丛书相关作品
  • 出版社相关作品

书目信息

  • 表格格式
  • 工作单格式
  • 卡片格式
题名:
世界文明史
    
 
作者: 马克垚 主编
分册: 上  
出版信息: 北京   北京大学出版社  2004
页数: 712页
开本: 25cm
丛书名:
单 册:
中图分类: K103
科图分类:
主题词: 文明史--世界 , 文化史
电子资源:
ISBN: 7-301-07707-6
000 00784nam0 2200241 450
001 012007194631
005 20070613164737.56
010    @a7-301-07707-6@dCNY120.00(全2册)
100    @a20070514d2004 km y0chiy0120 ea
101 0  @achi
102    @aCN@b110000
105    @aab z 000yy
106    @ar
200 1  @a世界文明史@Ashi jie wen ming shi@h上@f马克垚主编@Fma ke yao zhu bian
210    @a北京@c北京大学出版社@d2004
215    @a712页@c图,地图@d25cm
330    @a本书梳理了人类文明的发展与演变及脉络、世界文明的交流,从农业文明时代、工业文明的兴起、工业文明在全球的扩展几个角度阐述世界文明的历史。
606 0  @a文明史@y世界
606 0  @a文化史
690    @aK103@v4
701  0 @a马克垚@Ama ke yao@c(历史)@4主编
801  0 @aCN@bRULIN@c20070613
905    @dK103@e156:1@s8
    
    世界文明史.上/马克垚主编.-北京:北京大学出版社,2004
    712页:图,地图;25cm
    
    
    ISBN 7-301-07707-6:CNY120.00(全2册)
    本书梳理了人类文明的发展与演变及脉络、世界文明的交流,从农业文明时代、工业文明的兴起、工业文明在全球的扩展几个角度阐述世界文明的历史。
●
相关链接 在E读中查询图书 在五车中查询图书 在当当中查询图书 在豆瓣中查询图书


正题名:世界文明史     索取号:K103/156:1         预约/预借

序号 登录号 条形码 馆藏地/架位号 状态 备注
1 0575841   205758410   第二样本阅览室/ [索取号:K103/156:1] 在馆    
2 0575843   205758438   第二借阅区/ [索取号:K103/156:1] 在馆    
3 0575845   205758456   第二借阅区/ [索取号:K103/156:1] 在馆    
4 0575847   205758474   第二借阅区/ [索取号:K103/156:1] 在馆    
5 0575849   205758492   第二借阅区/ [索取号:K103/156:1] 在馆    
6 0575851   205758517   第二借阅区/ [索取号:K103/156:1] 在馆    
7 0575853   205758535   第二借阅区/ [索取号:K103/156:1] 在馆    
8 0575855   205758553   第二借阅区/ [索取号:K103/156:1] 在馆    
唐山师范学院图书馆 欢迎您!
大连网信软件有限公司© 版权所有